Monosodium glutamate induces apoptosis in naive and memory human В cells

Podrobná bibliografia
Hlavní autori: Stankovic, D.-Djordjevic (Autor), Vasic, K. (Autor), Milovanovic, M. (Autor), Sarac, M. (Autor), Veselinovic, M. (Autor), Cekic, S. (Autor), Jovic, Z. (Autor)
Médium: Článok
Jazyk:angličtina

MARC

LEADER 00000nab a2200000ua 4500
001 vtls010795487
003 SK-MaSNL
005 20260303123928.0
008 230214s2009 xo |||||||||||||||||eng|
035 |a (urnnbn)urn:nbn:sk:snk:ar-a03j2b 
035 |a (uuid)faa7990d-d5aa-44a4-895e-4d42ca3b7dff 
035 |a urn:nbn:sk:snk-ab5azi 
040 |a SNKBUCL  |b slo  |c SNKBUCL  |e AACR2 
041 0 |a eng 
044 |a xo  |c SK 
100 1 |a Stankovic, D.-Djordjevic  |4 aut  |9 1140199 
245 1 0 |a Monosodium glutamate induces apoptosis in naive and memory human В cells  |c D. Stankovic-Djordjevic, K. Vasic, M. Milovanovic, M. Sarac, M. Veselinovic, S. Cekic, Z. Jovic 
700 1 |a Vasic, K.  |4 aut  |9 1140200 
700 1 |a Milovanovic, M.  |4 aut  |9 1140201 
700 1 |a Sarac, M.  |4 aut  |9 1140202 
700 1 |a Veselinovic, M.  |4 aut  |9 1140203 
700 1 |a Cekic, S.  |4 aut  |9 1140204 
700 1 |a Jovic, Z.  |4 aut  |9 1140205 
773 0 |t Bratislavské lekárske listy  |g Roč. 110, č. 10 (2009), s. [636]-640 
958 |a OND 
958 |a EUIPO 
958 |a article3 
999 |c 1928608  |d 1930538